00342pab a2200121 454500008004000000100001700040245006600057260000900123300001300132362001200145650001900157773004400176180718b1998 xxu||||| |||| 00| 0 eng d aNair, Sanjiv aRestructuring of state government finances - Some suggestions c1998 ap.39-49. aJan-Mar aPublic finance aIndian Journal of Public Administration